000 00277nam a22001097a 4500
082 _a621.319 GOT'D
100 _aGOTTLIEB, I. M
_957509
245 _aDESIGN AND OPERATIONS OF REGULATED POWER SUPPLIES
260 _aNEWYORK
_bHOWARD W. SONS
_c1964
300 _a111P
942 _cBK
999 _c567787
_d567787